Movies Quiz

Random Movies or Clickable Quiz
Score 0/15 Timer 04:00
8 Plays Today
% Correct
A character is a cheerleader
92.1%
Main characters are sisters
90.9%
Features billionaires
90.9%
Features the White House
88.6%
One parent families
87.2%
There is a boxing match
86.5%
Features a character in a wheelchair
86.3%
All have sequels
85.7%
% Correct
The Golden Gate Bridge is destroyed
84.6%
Set in a radio station
84.3%
Lovers on the run
80.3%
Stars Liv Tyler
77.2%
A main character is a writer
77.1%
Famous beach scenes
71.4%
Has a villain who is a nurse
70.1%
Remove Ads.
Support Sporcle.
Get the best of Sporcle when you Go Orange. This ad-free experience offers more features, more stats, and more fun while also helping to support Sporcle. Thank you for becoming a member.

You're not logged in!

Compare scores with friends on all Sporcle quizzes.
OR
Log In

Show Comments

Extras

Top Quizzes Today


Score Distribution

Your Account Isn't Verified!

In order to create a playlist on Sporcle, you need to verify the email address you used during registration. Go to your Sporcle Settings to finish the process.

Report this User

Report this user for behavior that violates our Community Guidelines.

Details: